[Event "Mittelfrank Regionalliga Nord-West 2122"]
[Site "Mittelfranken"]
[Date "2022.06.26"]
[Round "3.8"]
[White "Baldszuhn, Christian"]
[Black "Cernins, Dmitrijs"]
[Result "0-1"]
[WhiteElo "1705"]
[BlackElo "1926"]
[PlyCount "90"]
[EventDate "2021.10.24"]
[EventType "team-tourn"]
[EventRounds "9"]
[EventCountry "GER"]
[SourceTitle "EXT 2024"]
[Source "ChessBase"]
[SourceDate "2023.10.10"]
[SourceVersion "1"]
[SourceVersionDate "2023.10.10"]
[SourceQuality "1"]
[WhiteTeam "Bamberg II"]
[BlackTeam "Kitzingen"]
[WhiteTeamCountry "GER"]
[BlackTeamCountry "GER"]

1. e4 d6 2. d4 Nf6 3. Nc3 g6 4. Nf3 Bg7 5. Bc4 0-0 6. Bb3 Nc6 7. Bf4 Bg4 8. Qd2 Nh5 9. Be3 Bxf3 10. gxf3 e5 11. Ne2 Qf6 12. d5 Nd4 13. Bxd4 exd4 14. Qd3 Nf4 15. Nxf4 Qxf4 16. Ke2 f5 17. Raf1 Rae8 18. Qd2 Qxd2+ 19. Kxd2 fxe4 20. fxe4 Rxe4 21. h4 Rf3 22. h5 g5 23. Rhg1 Kf7 24. Rg3 g4 25. Bc4 h6 26. Be2 Rff4 27. Bd3 Re5 28. f3 Rxh5 29. Rxg4 Rh2+ 30. Kd1 Be5 31. Bg6+ Ke7 32. Be4 h5 33. Rgg1 Rf8 34. Rh1 h4 35. Rxh2 Bxh2 36. Ke2 Bf4 37. Rh1 Rh8 38. Kd3 h3 39. b3 h2 40. Bf5 Be3 41. c3 Bg1 42. cxd4 Kf6 43. Be4 Rg8 44. f4 Rg3+ 45. Kd2 Rg4 0-1